Responses for show #7482 - Tuesday, March 7, 2017

Contestants

Todd DeFilippi, a software engineer from Mountain View, California

Shawn Friend, a law library resource center director from Phoenix, Arizona

Alison Maguire-Powell, a middle school band director from Denton, Texas (whose 1-day cash winnings total $23,200)

Jeopardy! Round responses

BECKY WITH THE GOOD HAIR
AMUSEMENT & THEME PARKS
WAY BACK IN 2015
(Alex: Each correct response begins with the name of a chemical element...)
ELEMENTAL WORDS
IN THE UNIVERSAL DECLARATION OF HUMAN RIGHTS
BOX OFFICE CHAMPS OF THE DECADE
    $200 6
Cheers

Alison
    $200 4
SeaWorld

Todd
    $200 1
Kermit and Miss Piggy

Todd
    $200 13
(Alison: What is an idiom?)

ironic

Alison
Triple Stumper
    $200 25
liberty

Shawn
    $200 5
Titanic

Shawn
    $400 7
Becky Thatcher

Shawn
    $400 11
Knott's Scary Farm

Todd
    $400 2
South Carolina

Todd
    $400 19
a leadfoot

Triple Stumper
    $400 26
unions

Shawn
    $400 3
Star Wars

Shawn
    $600 14
Empire

Alison
    $600 23
Branson

Alison
    $600 8
Attorney General

Todd
    $600 20
a nickelodeon

Alison
    $2,000 27
pay for work

Shawn
    $600 9
Avatar

Todd
    $800 15
Vanity Fair

Shawn
    $800 24
(Alex: And we have less than a minute now.)

Coney Island

Todd
    $800 17
Sepp Blatter

Todd
    $800 21
a copperhead

Todd
    $800 28
[The end-of-round signal sounds.]

assembly

Alison
    $800 10
The Sound of Music

Shawn
    $1000 16
Sunnybrook Farm

Shawn
    $1000 18
Yemen

Alison
    $1000 22
the Argonauts

Todd
    $1000 12
E.T.

Todd

Scores at the first commercial break (after clue 15):

Alison Shawn Todd
$600 $2,600 $3,400

Scores at the end of the Jeopardy! Round:

Alison Shawn Todd
$3,600 $6,200 $6,800

Double Jeopardy! Round responses

A WATERY BORDER
STARTS WITH 3 CONSONANTS
TELEVISION
RELIGIOUS BOOKS
AMERICAN LIVES
PACK LUNCH
(Alex: These are animals that wolves will eat.)
    $400 2
the Baltic Sea

Todd
    $400 8
school

Shawn
    $400 12
(Todd: What is Paradise Found?)
(Alison: What is, uh, Inferno?)

Paradise Regained

AlisonTodd
Triple Stumper
    $400 25
(Garry) Marshall

Shawn
    $400 19
beavers

Alison
    $800 6
(Todd: What is the Arabian Sea?)

Lake Victoria

AlisonTodd
    $800 7
a chronology

Todd
    $800 9
Mad Men

Todd
    $800 13
The Brothers Karamazov

Todd
    $800 1
Annie Oakley

Todd
    $800 20
a mountain goat

Todd
    $1200 3
the Adriatic Sea

Todd
    $1200 11
splinter

Triple Stumper
    $1200 14
Jane Lynch

Todd
    $1200 22
George W. Bush

Todd
    $1200 17
(Todd: Who is Rockefeller?)

(Jean Paul) Getty

ShawnTodd
    $3,000 4
Australia

Todd
    $1600 10
threadbare

Triple Stumper
    $1600 15
Speechless

Todd
    $1600 23
(Alex: With less than a minute to go.)

Ben-Hur

Todd
    $4,000 18
Roanoke

Shawn
    $2000 5
the Gulf of Guinea

Todd
    $2000 27
[The end-of-round signal sounds.]

phrenology

Alison
    $2000 16
The Dukes of Hazzard

Todd
    $2000 24
Jezebel

Triple Stumper
    $2000 21
George Wallace

Triple Stumper
    $2000 26
(Alison: What is a bison?)
(Shawn: What is a camel?)

bighorn sheep

AlisonShawn
Triple Stumper

Scores at the end of the Double Jeopardy! Round:

Alison Shawn Todd
$4,400 $10,200 $22,600
(lock game)

[wagering suggestions for these scores]

Final Jeopardy! Round responses

YEARS IN EUROPEAN HISTORY
AlisonWhat is 1815?
$4,400
ShawnWhat is 1945?
$1,000
ToddWhat is 1789
$1,983
1789

Final scores:

Alison Shawn Todd
$0 $9,200 $24,583
3rd place: $1,000 2nd place: $2,000 New champion: $24,583

Game dynamics:

Coryat scores:

Alison Shawn Todd
$4,400 $6,400 $21,200
9 R,
3 W
13 R
(including 2 DDs),
1 W
25 R
(including 1 DD),
3 W

Combined Coryat: $32,000

The J! Archive is created by fans, for fans. The Jeopardy! game show and all elements thereof, including but not limited to copyright and trademark thereto, are the property of Jeopardy Productions, Inc. and are protected under law. This website is not affiliated with, sponsored by, or operated by Jeopardy Productions, Inc. Join the discussion at JBoard.tv.